| 000 | 00985cam a2200325 4500 | ||
|---|---|---|---|
| 008 | 090401t1991 xxu||||| |||| 00| 0 eng d | ||
| 020 | _a1851901019 | ||
| 035 | _a(Sirsi) u42477 | ||
| 041 | _aeng | ||
| 050 | _a346.4104342 | ||
| 100 | _aWalter, Philip | ||
| 245 | _aClaims to the possession of land: the law and practice | ||
| 250 | _a2nd ed. | ||
| 260 |
_aLondon _bFourmat Publishing _c1991 |
||
| 300 | _alxxx,802p. ; 25cm. | ||
| 350 | _a87.5 | ||
| 650 | _aPROPERTY-LANDLORD AND TENANT-TENANCIES-AGRICULTURAL TENANCIES | ||
| 650 | _aASSURED TENANCIES | ||
| 650 | _aBUSINESS TENANCIES | ||
| 650 | _aCOUNTY COURT PROCEDURE | ||
| 650 | _aFORMS AND PRECEDENTS | ||
| 650 | _aHIGH COURT PROCEDURE | ||
| 650 | _aHOUSING ACT 1988 | ||
| 650 | _aRENT ACT 1977 | ||
| 650 | _aPROPERTY-RESIDENTIAL PROPERTY-RESIDENTIAL LANDLORD AND TENANT-RESIDENTIAL TENANCIES | ||
| 690 |
_aLandlord and tenant _96252 |
||
| 700 | _aHarris, James | ||
| 942 | _n0 | ||
| 948 | _c04/03/1997 | ||
| 999 |
_c91134 _d91134 |
||